000 00971nam a22003137a 4500
001 0005496
003 KOHA_MİRAKIL
005 20260207001447.0
007 ta
008 090615b1997 tu |||gr||||#||||1|tur |
020 _a9759551152
040 _aTR-BiSEU
_btur
_cTR-BiSEU
_erda
041 0 _atur
044 _ctu
050 _aPL122
_b.Y85 1997
245 0 _aYükseköğretim öğrencileri için Türk dili ve kompozisyon bilgileri/
_cZeynep Korkmaz...[ve bşk.].
264 1 _aAnkara :
_b[y. y.]
_c1997
300 _ax, 364 sayfa
336 _ametin
_btxt
_2rdacontent
337 _aaracısız
_bn
_2rdamedia
338 _acilt
_bnc
_2rdacarrier
650 0 _aTürk dili.
_96755
650 0 _aTürk dili--Gramer.
_913266
650 0 _aTürk dili--Kompozisyon ve alıştırmalar.
_912724
650 0 _aTurkish language.
_96756
650 0 _aTurkish language--Grammar.
_91903
650 0 _aTurkish language--Composition and exercises.
_912727
942 _2lcc
_cBK
999 _c5477
_d5477